02620cam a22003375a 45000010009000000050017000090080041000260200025000670200022000920400077001140430012001910820020002031000034002232450153002572500012004102600072004223000034004945000024005285000027005525000029005795000063006085040031006715201171007026500061018736500080019346500065020146530037020799420008021169990017021249520141021411834013220151222150345.0141020s2014 caua frbd 001 0 eng d a9780123854872 (hbk.) a0123854873 (hbk.) aUKMGBbengcUKMGBdYDXCPdBTCTAdSISMUdDGUdOCLCFdOCLCOdDLCdEG-ScBUE an-us---04a658.16222bDEP1 aDePamphilis, Donald M.93896010aMergers, acquisitions, and other restructuring activities :ban integrated approach to process, tools, cases, and solutions /cDonald M. DePamphilis a7th ed. aSan Diego ;aWaltham ;aOxford :bAcademic Press / Elsevier,c2014. axxx, 738 p. :bill. ;c25 cm. aIndex : p. 717-738. aGlossary : p. 707-716. aPrevious edition : 2012. aIncludes questions from the CFA Program curriculum--Cover. aBibliography : p. 679-705. aMergers, acquisitions, and restructuring transactions reveal the inner workings of our economy. Every student and professional should understand their parts, what they are intended to accomplish, and what their competitive, strategic, and value consequences are. In the 7th Edition of Mergers, Acquisitions, and Other Restructuring Activities, Donald DePamphilis looks into the heart of current economic trends. He includes a new chapter on the ways deals are financed, and more than 85% of the 54 integrative case studies are new and involve transactions that have been announced or completed since 2010. This new edition anchors its insights and conclusions in the most recent academic research, with references to more than 170 empirical studies published in leading peer-reviewed journals since 2010. Practical exhibits, case studies involving diverse transactions, easy-to-understand numerical examples, and hundreds of discussion questions and practical exercises are included. This substantially updated content, supplemented by questions from CFA Institute examinations, offers the only comprehensive exploration of today's business transactions--Back cover. 0aOrganizational changezUnited StatesxManagement.2BUEsh 0aConsolidation and merger of corporationszUnited StatesxManagement.2BUEsh 0aCorporate reorganizationszUnited StatesxManagement.2BUEsh bBUSADMcAugust2015cDecember2015 2ddc c20464d20436 00102ddc40708BaccahaMAINbMAINc1STd2015-08-04ePurchaseg725.00h21758l0o658.16 DEPp000039009r2025-07-15 00:00:00v906.25yBB